000 00909 a2200229 4500
999 _c1978
_d1978
020 _a9780415963299 (hardback : alk. paper)
020 _a041596329X (hardback : alk. paper)
020 _a9780415963305 (pbk. : alk. paper)
020 _a0415963303 (pbk. : alk. paper)
050 0 0 _aHF5821.TUR 2009
100 _aTurow Joseph
245 0 4 _aThe advertising and consumer culture reader /
_cedited by Joseph Turow and Matthew P. McAllister.
264 _aNew York:
_bRoutledge.,
_c2009
300 _axi, 443 p. :
_bill. ;
500 _aIncludes bibliographical references and index.
504 _aIncludes bibliographical references and index.
650 0 _aAdvertising
_xSocial aspects.
700 1 _aTurow, Joseph.
700 1 _aMcAllister, Matthew P.
942 _2lcc
_cBK
_h5821
_iTUR
_kHG